LEADER 01036nam1 2200361 450 001 990001003890203316 010 $a2-226-12167-6 035 $a0100389 035 $aUSA010100389 035 $a(ALEPH)000100389USA01 035 $a0100389 100 $a20020228d2001----km-y0itay0103----ba 101 0 $aeng 102 $aGB 105 $ay|||z|||001yy 200 1 $a<> scepticisme au 16. et au 17. sièclecassique$fSous la direction de Pierre-François Moreau 210 $aParis$cAlbin Michel$dcopyr. 2001 215 $a413 p.$d24 cm 225 2 $aIdées 410 0$12001$aIdées 606 $aScetticismo$zSec. 16.-17. 676 $a149.73 702 1$aMOREAU,$bPierre-François 801 0$aIT$bsalbc$gISBD 912 $a990001003890203316 951 $aIV C 3270 959 $aBK 969 $auma 979 $aCHIARA$b90$c20020228$lUSA01$h1058 979 $c20020403$lUSA01$h1742 979 $aPATRY$b90$c20040406$lUSA01$h1709 996 $aScepticisme au 16. et au 17. sièclecassique$9974582 997 $aUNISA LEADER 01215nam0-22003611i-450- 001 990004484800403321 005 20150123130646.0 035 $a000448480 035 $aFED01000448480 035 $a(Aleph)000448480FED01 035 $a000448480 100 $a19990604g18511853km-y0itay50------ba 101 0 $afre 102 $aFR 105 $ay-------001yy 200 1 $aHistoire de la convention nationale$fpar de Barante 210 $aParis$cLanglois et Leclercq$aParis$cFurne et C.ie$d1851-1853 215 $a6 v.$d22 cm 610 0 $aConvenzione nazionale$aFrancia 676 $a944.043 700 1$aBarante,$bAmable-Guillaume-Prosper Brugière$c$0413507 801 0$aIT$bUNINA$gRICA$2UNIMARC 901 $aBK 912 $a990004484800403321 952 $aSG 900/B 174 (1)$bBibl. 9607/5306a$fFLFBC 952 $aSG 900/B 174 (2)$bBibl. 9607/5306b$fFLFBC 952 $aSG 900/B 174 (3)$bBibl. 9607/5306c$fFLFBC 952 $aSG 900/B 174 (4)$bBibl. 9607/5306d$fFLFBC 952 $aSG 900/B 174 (5)$bBibl. 9607/5306e$fFLFBC 952 $aSG 900/B 174 (6)$bBibl. 9607/5306f$fFLFBC 959 $aFLFBC 996 $aHistoire de la convention nationale$9546432 997 $aUNINA